LEADER 04745 am 2201153 n 450 001 9910416507703321 005 20200218 010 $a2-7355-0880-3 024 7 $a10.4000/books.cths.10103 035 $a(CKB)4100000010771083 035 $a(FrMaCLE)OB-cths-10103 035 $a(oapen)https://directory.doabooks.org/handle/20.500.12854/52117 035 $a(PPN)24331258X 035 $a(EXLCZ)994100000010771083 100 $a20200330j|||||||| ||| 0 101 0 $afre 135 $auu||||||m|||| 181 $ctxt$2rdacontent 182 $cc$2rdamedia 183 $acr$2rdacarrier 200 12$aL?animal : un objet d?étude /$fJudith Förstel, Martine Plouvier 210 $aParis $cÉditions du Comité des travaux historiques et scientifiques$d2020 330 $aHomo animal est : l?être humain appartient lui-même au règne animal, mais il est le seul à projeter sur les autres membres de ce vaste ensemble un regard analytique. Prendre l?animal comme objet d?étude, c?est le propre de l?homme. « Chez absolument tous il y a quelque chose de naturel, c?est-à-dire de beau » : Aristote, s?apprêtant à détailler les Parties des animaux, prévient son lecteur que les animaux les plus répugnants méritent eux aussi l?attention du scientifique, car ils témoignent des règles auxquelles se conforme la nature, que le philosophe a à c?ur de percer. Cette longue tradition d?étude du monde animal, renouvelée aujourd?hui par les découvertes sur le génome, a pris de multiples formes au travers des âges ; mais elle a toujours suscité d?amples questionnements, non seulement sur la nature des animaux eux-mêmes, mais aussi, plus largement, sur leur place dans le monde et, en retour, sur celle de l?homme lui-même. Le Congrès national des sociétés historiques et scientifiques rassemble chaque année universitaires, membres de sociétés savantes et jeunes chercheurs. Ce recueil est issu de travaux présentés lors du 141e Congrès sur le thème « L?animal et l?homme ». 517 $aAnimal 517 $aL?animal 517 $aL?animal  606 $aHistory & Philosophy Of Science 606 $ahistoire de l'art 606 $aarchéologie 606 $ahistoire 606 $alittérature 606 $azoologie 606 $ahistoire des sciences 606 $amythologie 606 $ahistoire des religions 606 $agéologie 606 $aphilosophie 606 $aAntiquité 606 $aMoyen Âge 606 $aépoque moderne 606 $aépoque contemporaine 610 $aMoyen Âge 610 $ahistoire de l'art 610 $agéologie 610 $alittérature 610 $aAntiquité 610 $ahistoire des sciences 610 $amythologie 610 $aépoque contemporaine 610 $aarchéologie 610 $ahistoire des religions 610 $aphilosophie 610 $ahistoire 610 $azoologie 610 $aépoque moderne 615 4$aHistory & Philosophy Of Science 615 4$ahistoire de l'art 615 4$aarchéologie 615 4$ahistoire 615 4$alittérature 615 4$azoologie 615 4$ahistoire des sciences 615 4$amythologie 615 4$ahistoire des religions 615 4$agéologie 615 4$aphilosophie 615 4$aAntiquité 615 4$aMoyen Âge 615 4$aépoque moderne 615 4$aépoque contemporaine 700 $aBattini$b Laura$01294338 701 $aBen Saad$b Meyssa$01364209 701 $aCompatangelo-Soussignan$b Rita$0487175 701 $aCoutelle$b Alain$01282110 701 $aDaszkiewicz$b Piotr$01277661 701 $aDelahaye$b Pauline$0947398 701 $aDelmas$b Bruno$0626354 701 $aDosso$b Diane$01317448 701 $aFavin Lévêque$b Jean Claude$01364210 701 $aFörstel$b Judith$01301899 701 $aGrossel$b Marie-Geneviève$0435269 701 $aJulien$b Pierre$0416109 701 $aKatouzian-Safadi$b Mehrnaz$01321050 701 $aKraus$b Sabine$01309675 701 $aLa Vergata$b Antonello$0145158 701 $aLamouchi-Chebbi$b Kaouthar$01364211 701 $aLhermitte$b Jean-François$01306647 701 $aLucken$b Christopher$0282762 701 $aPhilippot$b Véronique$01357089 701 $aPlouvier$b Martine$01307905 701 $aThibault$b Gabriel-Robert$01287545 701 $aZannier$b Marie-Pierre$01364212 701 $aFörstel$b Judith$01301899 701 $aPlouvier$b Martine$01307905 801 0$bFR-FrMaCLE 906 $aBOOK 912 $a9910416507703321 996 $aL?animal : un objet d?étude$93385340 997 $aUNINA LEADER 05516nam 22009133u 450 001 9910781595903321 005 20240208160152.0 010 $a1-61705-024-5 035 $a(CKB)2550000000064224 035 $a(EBL)3007781 035 $a(SSID)ssj0000537457 035 $a(PQKBManifestationID)12205773 035 $a(PQKBTitleCode)TC0000537457 035 $a(PQKBWorkID)10553286 035 $a(PQKB)11311127 035 $a(MiAaPQ)EBC3007781 035 $a(EXLCZ)992550000000064224 100 $a20151005d2011|||| u|| | 101 0 $aeng 135 $aur|n|---||||| 181 $ctxt 182 $cc 183 $acr 200 10$aHead and Neck Pathology 210 $aNew York $cDemos Medical Publishing$d2011 215 $a1 online resource (207 pages) 225 0 $aDemos surgical pathology guides Head and neck pathology 300 $aDescription based upon print version of record. 311 $a1-933864-84-2 327 $a""Head and Neck Pathology""; ""Half Title Page""; ""Series Page""; ""Title Page""; ""Copyright""; ""Contents""; ""Series Foreword""; ""Preface""; ""Chapter 1: Oral Cavity/Nasopharynx""; ""NONNEOPLASTIC LESIONS""; ""Necrotizing Sialometaplasia""; ""Mucocele/Ranula/Mucus Retention Cyst""; ""Irritation Fibroma""; ""BENIGN NEOPLASMS""; ""Rhabdomyoma, Adult Type""; ""Granular Cell Tumor""; ""Nasopharyngeal Angiofibroma""; ""MALIGNANT NEOPLASMS""; ""Epithelial Precancerous Lesions""; ""Squamous Cell Carcinoma, Conventional Type""; ""Nasopharyngeal Carcinoma, Nonkeratinizing Undifferentiated Type"" 327 $a""Alveolar Soft Part Sarcoma""""Plasmablastic Lymphoma""; ""Kaposi Sarcoma""; ""Chapter 2: Nasal Cavity and Paranasal Sinuses""; ""NONNEOPLASTIC LESIONS""; ""Chronic Nonspecific Sinusitis""; ""Sinonasal Polyps""; ""Allergic Fungal Sinusitis (AFS)""; ""Fungal Sinusitis""; ""BENIGN NEOPLASMS""; ""Schneiderian Papilloma""; ""Lobular Capillary Hemangioma [Pyogenic Granuloma]""; ""Glomangiopericytoma""; ""Solitary Fibrous Tumor""; ""MALIGNANT NEOPLASMS""; ""Sinonasal Adenocarcinoma (SNA), Intestinal Type""; ""Olfactory Neuroblastoma (ONB)""; ""Sinonasal Undifferentiated Carcinoma [SNUC]"" 327 $a""Extranodal NK/T-cell Lymphoma, Nasal Type""""Mucosal Malignant Melanoma""; ""Rhabdomyosarcoma (RMS)""; ""Chapter 3: Oro/Hypopharynx/Larynx""; ""NONNEOPLASTIC LESIONS""; ""Contact Ulcer""; ""Vocal Cord Polyp/Nodules""; ""Laryngeal Cysts""; ""Hyperplastic Alterations of the Mucosa""; ""BENIGN NEOPLASMS""; ""Squamous Papilloma""; ""Inflammatory Myofibroblastic Tumor""; ""MALIGNANT NEOPLASMS""; ""Basaloid Squamous Cell Carcinoma""; ""Verrucous Carcinoma""; ""Spindle Cell Squamous Carcinoma (Lane Tumor)""; ""Papillary Squamous Cell Carcinoma""; ""Small Cell Neuroendocrine Carcinoma"" 327 $a""Moderately Differentiated Neuroendocrine Carcinoma""""Laryngeal Chondrosarcoma""; ""Chapter 4: Salivary Gland""; ""NONNEOPLASTIC LESIONS""; ""Sialolithiasis""; ""Chronic Fibrosing Sialadenitis (Kuttner Tumor)""; ""Lymphoepithelial Sialadenitis""; ""BENIGN NEOPLASMS""; ""Pleomorphic Adenoma""; ""Warthin Tumor""; ""Basal Cell Adenoma""; ""Oncocytoma""; ""Myoepithelioma""; ""MALIGNANT NEOPLASMS""; ""Mucoepidermoid Carcinoma""; ""Acinic Cell Adenocarcinoma (ACC)""; ""Adenoid Cystic Carcinoma (AdCC)""; ""Polymorphous Low-Grade Adenocarcinoma""; ""Epithelial-Myoepithelial Carcinoma"" 327 $a""Clear Cell Carcinoma, NOS""""Salivary Duct Carcinoma""; ""Carcinoma Ex Pleomorphic Adenoma""; ""Chapter 5: Gnathic Bones""; ""NONNEOPLASTIC LESIONS""; ""Fibrous Dysplasia, Craniofacial""; ""BENIGN NEOPLASMS""; ""Osteoma/Exostosis""; ""Ossifying Fibroma (Cemento-Ossifying Fibroma)""; ""Ameloblastoma""; ""Ameloblastic Fibroma""; ""Calcifying Epithelial Odontogenic (Pindborg) Tumor""; ""Keratocystic Odontogenic Tumor (Odontogenic Keratocyst)""; ""Odontogenic Myxoma""; ""Odontoma, Complex Type""; ""MALIGNANT NEOPLASMS""; ""Craniofacial Osteosarcoma, Conventional Type""; ""Chapter 6: Ear"" 327 $a""NONNEOPLASTIC LESIONS"" 606 $aHead -- Diseases -- Diagnosis 606 $aHead -- Pathophysiology 606 $aNeck -- Diseases -- Diagnosis 606 $aNeck -- Pathophysiology 606 $aHead$xPathophysiology 606 $aNeck$xPathophysiology 606 $aHead$xDiagnosis$xDiseases 606 $aNeck$xDiseases$xDiagnosis 606 $aMedicine 606 $aBody Regions 606 $aAnatomy 606 $aHealth Occupations 606 $aPathology 606 $aHead 606 $aNeck 606 $aHealth & Biological Sciences$2HILCC 606 $aDiseases by Body Region$2HILCC 615 4$aHead -- Diseases -- Diagnosis. 615 4$aHead -- Pathophysiology. 615 4$aNeck -- Diseases -- Diagnosis. 615 4$aNeck -- Pathophysiology. 615 0$aHead$xPathophysiology 615 0$aNeck$xPathophysiology 615 0$aHead$xDiagnosis$xDiseases 615 0$aNeck$xDiseases$xDiagnosis 615 2$aMedicine 615 2$aBody Regions 615 2$aAnatomy 615 2$aHealth Occupations 615 2$aPathology 615 2$aHead 615 2$aNeck 615 7$aHealth & Biological Sciences 615 7$aDiseases by Body Region 676 $a617.5/1 700 $aWakely$b Paul$01517018 701 $aSuster$b Saul$0789153 801 0$bAU-PeEL 801 1$bAU-PeEL 801 2$bAU-PeEL 906 $aBOOK 912 $a9910781595903321 996 $aHead and Neck Pathology$93753811 997 $aUNINA